Statistics for Find The Mystery Country Using Color Clues #2

Click here to take the quiz!

General Stats

  • This quiz has been taken 108,711 times
  • The average score is 92 of 196

Answers on the Map

Answers color-coded by a green-red scale on the quiz's map according to % correct below.
 

Answer Stats

Country% Correct
United States
75%
Russia
71%
South Africa
66%
China
64%
Democratic Republic
of the Congo
62%
Egypt
61%
United Kingdom
59%
Republic of the Congo
58%
France
56%
Kenya
56%
Sudan
55%
Chad
54%
Germany
54%
India
54%
Lesotho
54%
Tanzania
54%
Zambia
54%
Angola
53%
Australia
53%
Brazil
53%
Canada
53%
Italy
53%
Niger
53%
Uganda
53%
Zimbabwe
53%
Madagascar
52%
Mozambique
52%
Algeria
51%
Central African Republic
51%
Ethiopia
51%
Namibia
51%
Rwanda
51%
Saudi Arabia
51%
Spain
51%
Turkey
51%
Dominican Republic
50%
Iran
50%
Somalia
50%
South Sudan
50%
Eswatini
49%
Japan
49%
Libya
49%
Malawi
49%
Mexico
49%
Morocco
49%
Nigeria
49%
Burundi
48%
Greece
48%
Iraq
48%
Yemen
48%
Argentina
47%
Ghana
47%
Israel
47%
Mali
47%
Oman
47%
Poland
47%
Cameroon
46%
Chile
46%
Eritrea
46%
Gabon
46%
Indonesia
46%
Jordan
46%
Pakistan
46%
Portugal
46%
Syria
46%
Tunisia
46%
Ukraine
46%
United Arab Emirates
46%
Afghanistan
45%
Albania
45%
Austria
45%
Benin
45%
Colombia
45%
Croatia
45%
Cuba
45%
Cyprus
45%
Denmark
45%
Djibouti
45%
Finland
45%
Iceland
45%
Ireland
45%
Kazakhstan
45%
Kuwait
45%
Lebanon
45%
Malta
45%
Mongolia
45%
New Zealand
45%
Norway
45%
Panama
45%
Peru
45%
Qatar
45%
Romania
45%
Senegal
45%
Serbia
45%
Slovenia
45%
Sweden
45%
Switzerland
45%
Togo
45%
Andorra
44%
Armenia
44%
Azerbaijan
44%
Bahamas
44%
Bahrain
44%
Bangladesh
44%
Belarus
44%
Belgium
44%
Belize
44%
Bhutan
44%
Bolivia
44%
Bosnia and
Herzegovina
44%
Bulgaria
44%
Burkina Faso
44%
Cambodia
44%
Cape Verde
44%
Comoros
44%
Costa Rica
44%
Czech Republic
44%
Ecuador
44%
El Salvador
44%
Equatorial Guinea
44%
Estonia
44%
Fiji
44%
Gambia
44%
Georgia
44%
Guatemala
44%
Guinea
44%
Guyana
44%
Haiti
44%
Honduras
44%
Hungary
44%
Ivory Coast
44%
Jamaica
44%
Kiribati
44%
Kosovo
44%
Laos
44%
Latvia
44%
Liberia
44%
Lithuania
44%
Malaysia
44%
Maldives
44%
Mauritania
44%
Mauritius
44%
Moldova
44%
Monaco
44%
Montenegro
44%
Myanmar
44%
Nepal
44%
Netherlands
44%
Nicaragua
44%
North Korea
44%
North Macedonia
44%
Paraguay
44%
Philippines
44%
San Marino
44%
São Tomé and Príncipe
44%
Seychelles
44%
Sierra Leone
44%
Singapore
44%
Slovakia
44%
South Korea
44%
Sri Lanka
44%
Suriname
44%
Taiwan
44%
Thailand
44%
Tuvalu
44%
Uruguay
44%
Uzbekistan
44%
Vatican City
44%
Venezuela
44%
Vietnam
44%
Antigua and Barbuda
43%
Barbados
43%
Brunei
43%
Dominica
43%
East Timor
43%
Federated States of
Micronesia
43%
Grenada
43%
Guinea-Bissau
43%
Kyrgyzstan
43%
Liechtenstein
43%
Luxembourg
43%
Marshall Islands
43%
Mystery Country
43%
Nauru
43%
Palau
43%
Papua New Guinea
43%
Saint Kitts and Nevis
43%
Saint Lucia
43%
Saint Vincent and the
Grenadines
43%
Samoa
43%
Solomon Islands
43%
Tajikistan
43%
Tonga
43%
Trinidad and Tobago
43%
Turkmenistan
43%
Vanuatu
43%

Score Distribution

Percentile by Number Answered

Percent of People with Each Score

Your Score History

You have not taken this quiz